| 000 | 01712cab a2200253 4500 | ||
|---|---|---|---|
| 001 | ABS45845 | ||
| 008 | 090401t1992 xxu||||| |||| 00| 0 eng d | ||
| 035 | _a(Sirsi) u55412 | ||
| 041 | _aeng | ||
| 245 | _aEnco Civil Engineering Limited v Zeus International Development Limited | ||
| 260 | _c1992 | ||
| 350 | _a0 | ||
| 490 |
_aConstruction Industry Law Letter _v1992 CILL 719-720(2) |
||
| 520 | _aChD 23 October 1991. In 1988 Z were concerned to construct a yacht marina consisting of a marina basin with associated engineering works and blocks of flats. By a contract dated 20 May 1988, which incorporated the ICE Conditions 5th edition, E agreed to carry out the engineering and building work. The first 14 interim certificates were paid by Z and no`s 15 and 16 were issued in June 1990 and April 1991. In May 1991 Z`s solicitors wrote to E giving formal notice that they wished to dispute all certificates, contending that they did not take into account deductions which they said should have been made. They said that substantial claims had arisen in the course of execution of the works, the main cause for complaint being a failure to render the standards of workmanship and required engineering tolerances. On 30 May E issued a summons for summary judgement. Z applied for a stay under Arbitration Act 1950. It was held that Z had bona fide disputes which had to be considered by the engi | ||
| 650 | _aCIVIL ENGINEERING CONTRACTS | ||
| 650 | _aCLAIMS | ||
| 650 | _aCONTRACT CLAIMS | ||
| 650 | _aICE CONDITIONS OF CONTRACT (FIFTH EDITION) | ||
| 650 | _aNAVIGATION GATE | ||
| 650 | _aPOOR WORKMANSHIP | ||
| 690 | _aBUILDING AND CONSTRUCTION-CASE LAW | ||
| 942 | _n0 | ||
| 948 | _c04/03/1997 | ||
| 999 |
_c33850 _d33850 |
||